| 000 | 01184nam a22002417a 4500 | ||
|---|---|---|---|
| 003 | OSt | ||
| 005 | 20210112122152.0 | ||
| 008 | 200220s1999 ck a|||br|||| 00| j spa d | ||
| 020 | _a9583001694 | ||
| 040 |
_aCO-JMCR _cCO-JMCR |
||
| 082 | 0 | 4 |
_aC / _bESOe |
| 100 | 1 |
_aEsopo, _eautor _9795 |
|
| 245 | 1 | 0 |
_aFábulas : _bEsopo, Iriarte y Samaniego / _cEsopo |
| 250 | _aCuarta edición | ||
| 260 |
_aBogotá : _bPanamericana, _c1999 |
||
| 300 |
_a258 páginas : _bilustraciones a blanco y negro ; _c20 cm. |
||
| 520 | _aEn Grecia sobresale la fábula en la figura de Esopo, cuya existencia a veces parece dudosa, pues alrededor de su vida se han tejido historias y anécdotas que se contradicen entre sí. Muchos temas tratados por el fabulista griego fueron retomadas por otros autores como los fabulistas españoles Iriarte y Samaniego (quienes siempre escribieron en verso). Iriarte usó la fábula para enseñar preceptos literarios; Samaniego por su parte, reescribió los temas en versos castellanos. | ||
| 650 | 1 | 4 |
_aFábulas Griegas _9796 |
| 650 | 1 | 4 |
_aAnimales _xfábula _9797 |
| 650 | 1 | 4 |
_aVirtudes _xfábula _9798 |
| 650 | 1 | 4 |
_aEstilos de vida _xfábula _9799 |
| 942 |
_2ddc _cBK |
||
| 999 |
_c6565 _d6565 |
||